01852agaaa2200277 45000010005000000030009000050050017000140070009000310080040000400400023000800410013001031000047001161300017001632450175001802500022003552600140003773000033005175080092005505200656006425380016012985460013013146500059013277000068013867000059014547000061015135223IT-RoPAU20220918181256.0d cvaizq50131s9999||||xx ||| | || ||und|| aIT-RoPAUcIT-RoPAU aITALIANO aManfio SergiogCodice regista SPICS: 55764 aCUCCIOLI (3) aCUCCIOLI (3)cProdotto da: Campedelli Pietro -- Sceneggiatura: Manfio Francesco E Sergio -- Diretto da: Manfio SergiopCUCCIOLI (3) (Rif. Codice opera principale : H5223) aEdizione Standard a(ITALIA)bRAI FICTION - AGOGO - ALPHANIM - AGOGO / Distribuzione: MULTIMEDIA SAN PAOLOg"2003 (1° ed.: 2004 ; Ed. Lingua Orig.: 2003)" aDVDbsonoro, col.c62 minuti a"Sceneggiatura: Manfio Francesco E Sergio; Soggetto: Manfio Sergio -- Manfio Francesco" aLE AVVENTURE DI SEI SCATENATI, SIMPATICISSIMI CUCCIOLI CHE COMPIONO UN LUNGO VIAGGIO DALL'AUSTRALIA FINO A VENEZIA. DIVA LA PAPERA VANITOSA, LA SAGGIA GATTINA OLLY, CILINDRO IL CONIGLIO ATLETA, IL FLEMMATICO CAGNOLINO PORTATILE, IL RANOCCHIO-ATTORE PIO E INFINE SENZANOME, IL PULCINO CHE RISOLVE I LORO GUAI: TUTTI DIVERSI MA AMICI PER LE PIUME. COLLANA DI 5 DVD. IN QUESTO DVD CI SONO I SEGUENTI EPISODI: 1 L'URLO DI TARZAN. - 2 - SULLE TRACCE DI ROBINSON. 3 - LA PROVA DI CORAGGIO. 4 - IL VERSO DEL TUCANO. 5 - E VISSERO FELICI E CONTENTI.EXTRA: DANILO MAINARDI E SERGIO MANFIO RACCONTANO E SPIEGANO LA VITA DEGLIANIMALI INCONTRATI DAI PROTAGONISTI. aPAL, STEREO aITALIANO aANIMAZIONEeDVD-FILM [DVD]xCodice MATERIA SPICS: 9947 aManfio Francesco e(soggetto)gCodice Soggetto 2° SPICS: 57746 aManfio Sergio e(regista)gCodice regista SPICS: 55764 aManfio Sergio e(soggetto)gCodice Soggetto SPICS: 55764